000 00264nam a22001217a 4500
008 170323b xxu||||| |||| 00| 0 eng d
041 _aeng
080 _a616.9
100 _a8
101 _aSHM
245 _aATLAS OF HIV INFECTION
_cVITHAYASAUM O
942 _2udc
_cBK
999 _c8523
_d8523